| 000 | 00502cam a22001812 4500 | ||
|---|---|---|---|
| 001 | 0000008352 | ||
| 005 | 20151217160116.0 | ||
| 008 | 080315s xx 000 0 eng d | ||
| 020 |
_a996646932x : _cKES 145 |
||
| 040 |
_aKABU _cKABU |
||
| 100 | 1 |
_aMuluka, Barrack. _@0000158550 |
|
| 245 | 1 | 0 |
_aWhy dog left the forest / _cBarrack Muluka. |
| 260 |
_aNairobi : _bE. A. E. P., _c1996. |
||
| 300 | _a24 p. | ||
| 908 | _a080315 | ||
| 950 | _@1 | ||
| 999 |
_c14376 _d14376 |
||